000
00379nam a2200157Ia 4500
008
090124s9999 xx 000 0 und d
082
_b
110214
245
_a
मोहर
250
_a
1
260
_c
1963
300
_a
136
630
_a
मोहर
700
_a
"महाजन, कुरुंदकर वगैरे"
730
_a
मोहर
942
_c
BOOK
999
_c
156305
_d
156305